000 00397nam a2200157Ia 4500
008 240729s9999 xx 000 0 und d
022 _a2773-1391
245 0 _aAdvances in Bamboo Science
260 _aNetherlands
260 _bElsevier
650 _a Forestry
650 _aAgriculture
856 _uhttps://doaj.org/toc/4a08e1ac28c040fab4d99e2a92e5b1ec
942 _2ddc
942 _cDOAJEJ
999 _c69235
_d69235
945 _a1
_bMadushi Gamage
_c1
_dMadushi Gamage